The death of Karen Silwood

Salvato in:
Dettagli Bibliografici
Autore principale: Hannam, Joyce
Natura: Libro
Lingua:Undetermined
Pubblicazione: Oxford Oxford Univ. Press 2000
Soggetti:
Tags: Aggiungi Tag
Nessun Tag, puoi essere il primo ad aggiungerne! !
Thư viện lưu trữ: Trung tâm Học liệu Trường Đại học Cần Thơ
LEADER 00527nam a2200205Ia 4500
001 CTU_65247
008 210402s9999 xx 000 0 und d
020 |c 28000 
082 |a 823.9 
082 |b H243 
100 |a Hannam, Joyce 
245 4 |a The death of Karen Silwood 
245 0 |c Joyce Hannam 
260 |a Oxford 
260 |b Oxford Univ. Press 
260 |c 2000 
650 |a English literature 
650 |y 20th century 
904 |i Minh, Trong Hieu 
980 |a Trung tâm Học liệu Trường Đại học Cần Thơ